000 00479nam a2200193Ia 4500
005 20240823024159.0
008 240823s9999||||xx |||||||||||||| ||und||
020 _a978-81-315-1124-4
041 _aENGLISH
082 _A658 P9
100 _aRobert Kreitner
245 0 _aManagement Theory and Application
250 _a1st
260 _c2009
_bCengage Learning
_aNew Delhi
500 _aYES
650 _aManagement
_bManagement Studies
942 _cBK
999 _c183311
_d183311